| 000 | 00420nam a2200181Ia 4500 | ||
|---|---|---|---|
| 005 | 20250603144613.0 | ||
| 008 | 250603s9999 xx 000 0 und d | ||
| 020 | _a9780367559359 | ||
| 050 | _aHD 66 .D86/ | ||
| 100 | _aDumitru, Catalina. | ||
| 245 | 0 | _aBuilding virtual teams | |
| 260 | _aNew York | ||
| 260 | _bRoutledge | ||
| 260 | _c2022 | ||
| 300 | _aviii, 73p.: ill. | ||
| 650 | _aNew York | ||
| 942 | _cBK | ||
| 999 |
_c39410 _d39410 |
||